Statistics for Movies by Director

Click here to take the quiz!

General Stats

  • This quiz has been taken 881 times
    (878 since last reset)
  • The average score is 12 of 15

Answer Stats

HintAnswer% Correct
Pulp FictionQuentin Tarantino
97%
PsychoAlfred Hitchcock
96%
AvatarJames Cameron
95%
JawsStephen Spielberg
95%
The ShiningStanley Kubrick
90%
InceptionChristopher Nolan
88%
GoodfellasMartin Scorsese
88%
Edward ScissorhandsTim Burton
88%
The Big LebowskiJoel and Ethan Coen
83%
Citizen KaneOrson Welles
82%
Blade RunnerRidley Scott
72%
Blue VelvetDavid Lynch
65%
American GraffitiGeorge Lucas
64%
Seven SamuraiAkira Kurosawa
63%
StagecoachJohn Ford
43%

Score Distribution

Percentile by Number Answered

Percent of People with Each Score

Your Score History

You have not taken this quiz since the last reset